[Event "BL2 West 1314 (Women)"]
[Site "Germany"]
[Date "2014.03.09"]
[Round "7.4"]
[White "Rosmait, Emily"]
[Black "Yust, Alexandra"]
[Result "1-0"]
[WhiteElo "1733"]
[BlackElo "1813"]
[PlyCount "85"]
[EventDate "2013.11.30"]
[EventType "team-tourn"]
[EventRounds "7"]
[EventCountry "GER"]
[SourceTitle "EXT 2018"]
[Source "ChessBase"]
[SourceDate "2017.10.13"]
[SourceVersion "1"]
[SourceVersionDate "2017.10.13"]
[SourceQuality "1"]
[WhiteTeam "Norderstedt Harksheide (W)"]
[BlackTeam "Steinfurt (W)"]
[WhiteTeamCountry "GER"]
[BlackTeamCountry "GER"]

1. e4 e5 2. Nf3 Nc6 3. Bb5 a6 4. Ba4 b5 5. Bb3 Nf6 6. 0-0 Bc5 7. Re1 0-0 8. c3 Re8 9. d4 exd4 10. e5 Ng4 11. cxd4 Bb4 12. Bd2 Bxd2 13. Qxd2 Bb7 14. h3 Nh6 15. d5 Ne7 16. Nc3 Ng6 17. Re2 d6 18. e6 Qf6 19. Ne4 Qf4 20. Qc3 fxe6 21. g3 Qf5 22. Nd4 Qxh3 23. Nxe6 Re7 24. N4g5 Qf5 25. Qd4 Ne5 26. Bc2 Qf6 27. Bxh7+ Kh8 28. Be4 Nhf7 29. Nxf7+ Rxf7 30. Kg2 Kg8 31. Rh1 g6 32. Rc2 Rc8 33. Rhc1 c5 34. dxc6 Bxc6 35. Bxc6 Rxc6 36. Nf4 Rxc2 37. Rxc2 Qf5 38. Rc3 Nc4 39. b3 Qe5 40. Qd3 Na3 41. Rc8+ Rf8 42. Qxg6+ Qg7 43. Rxf8+ 1-0